Name the last 20 Formula 1 world champions - Statistics

General Stats
  • This quiz has been taken 29 times
  • The average score is 17 of 20
Answer Stats
Hint Answer % Correct
Lewis Hamilton
100%
2024 Max Verstappen
100%
Michael Schumacher
96%
Sebastian Vettel
96%
Alain Prost
92%
Ayrton Senna
92%
Damon Hill
92%
Fernando Alonso
92%
Keke Rosberg
92%
Mika Häkkinen
92%
Nico Rosberg
92%
Kimi Räikkönen
88%
Nelson Piquet
85%
Niki Lauda
85%
Jacques Villeneuve
81%
Nigel Mansell
81%
Jody Scheckter
54%
Mario Andretti
54%
Alan Jones
46%
Jenson Button
46%
No matching quizzes found
Score Distribution
Percent of People with Each Score
Percentile by Number Answered
Your Score History
You have not taken this quiz